| 000 | 00944nam a2200301Ia 4500 | ||
|---|---|---|---|
| 001 | Para_111 | ||
| 003 | CHAP | ||
| 008 | 220125s1987 xx 000 0 und d | ||
| 010 | _a204444 | ||
| 040 | _cCHAP | ||
| 090 | _aPA FOLLETO 3078 | ||
| 100 |
_aCamarillo Pulido, Mario _917758 |
||
| 245 |
_aGuía para producir soya en el Valle de Mexicali / _c por Mario Camarillo Pulido y Jose Alberto Valenzuela Palafox |
||
| 260 |
_aMexicali, B.C. : _b INIFAP. Campo Experimental Valle de Méxicali |
||
| 300 | _a10 p. | ||
| 410 | _afolleto para productores; 9 | ||
| 650 |
_aSoya _xCalifornia _9170395 |
||
| 700 | _a | ||
| 700 |
_aI. Valenzuela Palafox, Jose Alberto _9164116 |
||
| 710 |
_aII. INIFAP. México. Campo Experimental... _9170396 |
||
| 901 | _aPA FOLLETO 3078 | ||
| 902 | _aA | ||
| 905 | _a0000001987 0000000000 00 | ||
| 910 | _a1987 | ||
| 942 | _cPARA | ||
| 942 |
_cPARA _d1 |
||
| 999 |
_c204444 _d204444 |
||